| 000 | 00613nam a22002057a 4500 | ||
|---|---|---|---|
| 003 | OSt | ||
| 005 | 20230712121916.0 | ||
| 008 | 221006b |||||||| |||| 00| 0 eng d | ||
| 040 | _cBiblioteca Lado V | ||
| 082 |
_a700 _bT932t |
||
| 100 |
_9891 _aTurcios, Roberto _eeditor |
||
| 245 | _aTendencias/ | ||
| 260 |
_c1996 _bCOOPEX _aEl Salvador |
||
| 300 |
_c22x28cm _a60p. |
||
| 490 |
_v1996 _a55 |
||
| 650 |
_2Tesauro de Arte & Arquitectura _aARTE |
||
| 650 |
_2Tesauro de Arte & Arquitectura _aCRITICA |
||
| 650 |
_2Tesauro de Arte & Arquitectura _aCULTURA |
||
| 942 |
_2ddc _c1 _h700 _iT932t _n0 |
||
| 999 |
_c4035 _d4035 |
||